Budgetary structure and classification of government accounts (Record no. 500384)

000 -LEADER
fixed length control field 00428cam a22001097a 4500
008 - FIXED-LENGTH DATA ELEMENTS--GENERAL INFORMATION
fixed length control field 180718b1951 xxu||||| |||| 00| 0 eng d
082 ## - DEWEY DECIMAL CLASSIFICATION NUMBER
Classification number L1 Un3b
245 ## - TITLE STATEMENT
Title Budgetary structure and classification of government accounts
Statement of responsibility, etc. by Department of International Economic and Social Affairs, U.S.A.
260 ## - PUBLICATION, DISTRIBUTION, ETC.
Place of publication, distribution, etc. New York
Name of publisher, distributor, etc. United Nations
Date of publication, distribution, etc. 1951
300 ## - PHYSICAL DESCRIPTION
Extent 100+p.
700 ## - ADDED ENTRY--PERSONAL NAME
Personal name U.S.A. Department of International Economic and Social Affairs
Holdings
Withdrawn status Lost status Damaged status Not for loan Permanent Location Current Location Date acquired Full call number Barcode Date last seen Price effective from Koha item type
        Indian Institute of Public Administration Indian Institute of Public Administration 2018-08-04 L1 Un3b GG32301 2018-08-04 2018-08-04 GG

Powered by Koha